Návrh administratívnej budovy
Uložené v:
| Hlavný autor: | |
|---|---|
| Ďalší autori: | |
| Médium: | Rukopis Kniha |
| Jazyk: | Slovak |
| Vydavateľské údaje: |
2016
|
| Predmet: | |
| On-line prístup: | http://is.stuba.sk/zp/portal_zp.pl?podrobnosti=117451 https://opac.crzp.sk/?fn=detailBiblioForm&sid=A86BEDB9942C84EDD79B308BE596 |
| Tagy: |
Žiadne tagy, Buďte prvý, kto otaguje tento záznam!
|
MARC
| LEADER | 00000ntm a22000003a 4500 | ||
|---|---|---|---|
| 001 | stuzp56625 | ||
| 003 | SK-STU | ||
| 005 | 20230906151710.5 | ||
| 007 | ta | ||
| 008 | 150427s2015----xo-----f-mn---000-0-slo-d | ||
| 040 | |a STU |b slo | ||
| 041 | 0 | |a slo | |
| 100 | 1 | |a Hurtoň, Martin |u 010180 |4 aut |U SvF Stavebná fakulta |T SvF Katedra konštrukcií pozemných stavieb |X 58650 |U V180 |Y 18 |7 A000058650 | |
| 242 | 0 | 1 | |a Office building |y eng |
| 245 | 1 | 0 | |a Návrh administratívnej budovy |
| 260 | |c 2016 | ||
| 650 | 4 | |a administratívna budova |2 slo | |
| 650 | 4 | |a polyfunkčné priestory |2 slo | |
| 650 | 4 | |a realizačný projekt |2 slo | |
| 650 | 4 | |a office building |2 eng | |
| 650 | 4 | |a polyfunctional spaces |2 eng | |
| 650 | 4 | |a implementation project |2 eng | |
| 700 | 1 | |a Rabenseifer, Roman |u 010180 |k Z1 |4 ths |U SvF Stavebná fakulta |T SvF Katedra konštrukcií pozemných stavieb |X 727 |U V180 |Y 18 |7 A000000727 | |
| 856 | 4 | |u http://is.stuba.sk/zp/portal_zp.pl?podrobnosti=117451 | |
| 856 | 4 | |u https://opac.crzp.sk/?fn=detailBiblioForm&sid=A86BEDB9942C84EDD79B308BE596 | |
| SQL | |a stuzp56625 |b DDP |c SLO |d Návrh administratívnej budovy |e 58650 |f Hurtoň, Martin |g 010180 |h 727 |i Rabenseifer, Roman |j 20160615 |k 8 |l 01 |m http://is.stuba.sk/zp/portal_zp.pl?podrobnosti=117451 |n I-AKP |o 5.1.4. pozemné stavby | ||